| 000 | 01318aam a2200337 a 4500 | ||
|---|---|---|---|
| 999 |
_c28352 _d28323 |
||
| 001 | 013677961 | ||
| 003 | EG-ScBUE | ||
| 005 | 20200317110528.0 | ||
| 008 | 060710s2007 stka f b 001 0 eng d | ||
| 020 | _a9780443101083 (pbk.) | ||
| 020 | _a9780443101076 | ||
| 040 |
_aStDuBDS _beng _erda _cStDuBDS _dUk _dEG-ScBUE |
||
| 082 | 0 | 4 |
_a615.19 _bAUL _222 |
| 245 | 0 | 0 |
_aAulton's pharmaceutics : _bthe design and manufacture of medicines / _cedited by Michael E. Aulton, BPharm PhD FAAPS FRPharms. |
| 250 | _aThird edition. | ||
| 250 | _aInternational edition. | ||
| 264 | 1 |
_aEdinburgh : _bChurchill Livingstone, _c2007. |
|
| 300 |
_ax, 717 pages : _billustrations ; _c25 cm |
||
| 336 |
_atext _2rdacontent _btxt |
||
| 337 |
_aunmediated _2rdamedia _bn |
||
| 338 |
_avolume _2rdacarrier _bnc |
||
| 504 | _aIncludes bibliographical references and index. | ||
| 520 | _aPharmaceutics is the art of pharmaceutical preparations. It encompasses design of drugs, their manufacture and the elimination of micro-organisms from the products. This book encompasses all of these areas. | ||
| 650 | 7 |
_aDrugs _xDosage forms. _2BUEsh |
|
| 650 | 7 |
_aDrugs _xDesign. _2BUEsh |
|
| 653 |
_bPPhrm _cMarch2020 |
||
| 655 |
_vReading book _934232 |
||
| 700 | 1 |
_aAulton, Michael E., _eeditor. _930137 |
|
| 942 |
_2ddc _cBB |
||